Pevné disky od A do Z /

Salvato in:
Dettagli Bibliografici
Autore principale: Minasi, Mark (Autore)
Natura: Libro
Lingua:ceco
Pubblicazione: Praha : Grada, 1992
Tags: Aggiungi Tag
Nessun Tag, puoi essere il primo ad aggiungerne!!

MARC

LEADER 00000nam a22000003a 4500
001 stu21172
005 20150617225753.8
008 950411s1992----cs------------------cze-d
020 |a 80-85623-35-8 
040 |a STU  |b slo 
041 0 |a cze 
044 |a cs 
080 |a 681.3.06 
100 1 |a Minasi, Mark  |4 aut 
245 1 |a Pevné disky od A do Z /  |c [aut.]Minasi,Mark 
260 |a Praha :  |b Grada,  |c 1992 
300 |a 471 s :  |b Tab.,lit.,register 
996 |b CB1741  |c C*B1741  |l CCXX  |s P  |a 0  |w stu21172_0001